Catálogo público

Urban pest control in fustration / (Record no. 200405)

MARC details
000 -CABECERA
campo de control de longitud fija 00766nam a2200289Ia 4500
001 - NÚMERO DE CONTROL
campo de control Para_1773
003 - IDENTIFICADOR DEL NÚMERO DE CONTROL
campo de control CHAP
008 - DATOS DE LONGITUD FIJA--INFORMACIÓN GENERAL
campo de control de longitud fija 220125s1988 xx 000 0 und d
010 ## - NÚMERO DE CONTROL DE LA BIBLIOTECA DEL CONGRESO
Número de control de LC 200405
040 ## - FUENTE DE LA CATALOGACIÓN
Centro/agencia transcriptor CHAP
082 ## - NÚMERO DE LA CLASIFICACIÓN DECIMAL DEWEY
Número de clasificación PA 648.7 G33
100 ## - ENTRADA PRINCIPAL--NOMBRE DE PERSONA
Nombre de persona Hadlington, P.
9 (RLIN) 165271
245 ## - MENCIÓN DE TÍTULO
Título Urban pest control in fustration /
Mención de responsabilidad, etc. by P. Hadlington and J. Gerozisis
250 ## - MENCIÓN DE EDICIÓN
Mención de edición 2a. revisada
260 ## - PUBLICACIÓN, DISTRIBUCIÓN, ETC.
Lugar de publicación, distribución, etc. Australia :
Nombre del editor, distribuidor, etc. asu press
300 ## - DESCRIPCIÓN FÍSICA
Extensión 278 p.
650 ## - PUNTO DE ACCESO ADICIONAL DE MATERIA--TÉRMINO DE MATERIA
Término de materia o nombre geográfico como elemento de entrada Control de plagas
9 (RLIN) 27595
650 ## - PUNTO DE ACCESO ADICIONAL DE MATERIA--TÉRMINO DE MATERIA
Término de materia o nombre geográfico como elemento de entrada Plagas urbanas
9 (RLIN) 165272
700 ## - PUNTO DE ACCESO ADICIONAL--NOMBRE DE PERSONA
Nombre de persona Gerozisis, J.
9 (RLIN) 165273
901 ## - ELEMENTOS DE DATOS A LOCAL LDA (RLIN)
a PA 648.7 G33
902 ## - ELEMENTOS DE DATOS B LOCAL, LDB (RLIN)
a A
905 ## - ELEMENTOS DE DATOS E LOCAL, LDE (RLIN)
a 0000001988 z 0000000000 00
910 ## - DATOS DE OPCIÓN DEL USUARIO (OCLC)
Datos de opción del usuario 1988
942 ## - ELEMENTOS DE PUNTO DE ACCESO ADICIONAL (KOHA)
Tipo de ítem Koha Parasitologia_
942 ## - ELEMENTOS DE PUNTO DE ACCESO ADICIONAL (KOHA)
Tipo de ítem Koha Parasitologia_
-- 1
Holdings
Estado de retiro Estado de pérdida Fuente del sistema de clasificación o colocación Estado dañado Restricciones de uso No para préstamo Código de colección Localización permanente Ubicación/localización actual Fecha de adquisición Número de inventario Total de préstamos Signatura topográfica completa Código de barras Fecha visto por última vez Número de copia Precio válido a partir de Tipo de ítem Koha Nota pública
    Dewey Decimal Classification   Préstamo interno   General Parasitologia Agricola Parasitologia Agricola 27/10/2005 (PA_7413) (No. UACh C/E)   PA 648.7 G33 4102003921 25/01/2022 Ej.1 25/01/2022 Libro 3